Академія духів природи. Болібошка (Запис № 17183)
[ простий вигляд ]
| 000 -Маркер запису | |
|---|---|
| Контрольне поле сталої довжини | 01382nam a22002657a 4500 |
| 003 - Належність контрольного номера | |
| Контрольне поле | Uzh_bibl |
| 008 - Кодовані дані | |
| Контрольне поле сталої довжини | 260325b |||||||| |||| 00| 0 ukr d |
| 020 ## - Індекс ISBN | |
| ISBN | 978-966-97977-7 |
| Ціна | 250.00 |
| 040 ## - Джерело каталогіз. | |
| Код мови каталог. | укр. |
| 041 ## - Код мови видання | |
| Код мови оригіналу | українська |
| Код мови тексту | українська |
| 080 ## - Індекс УДК | |
| Індекс УДК | 821(477)741.5 |
| 090 ## - Шифри | |
| Поличний індекс | 821(477)741.5 |
| Авторський знак | Д 94 |
| 100 ## - Автор | |
| Автор | Дьоміна,Анна |
| 245 ## - Назва | |
| Назва | Академія духів природи. Болібошка |
| Відповідальність | худож.А.Тук |
| Фізичний носій | Текст |
| 260 ## - Вихідні дані | |
| Місце видання | Гайсин |
| Видавництво | Видавництво "ТУТ" |
| Дата видання | 2022 |
| 300 ## - Фізичний опис | |
| Обсяг | 56 с. |
| Ілл./тип відтвор. | іл. |
| Тип одиниці | В опр. |
| 490 ## - Серія | |
| Назва серії | Серія"Комікси" |
| № тому | Т.1 |
| 520 ## - Анотація | |
| Анотація | Лісовики Лесь і Віка складають іспит в Академії Духів Природи. Їхнє завдання перетворюється на містичний детектив із пошуком шкідника в лісах Сумщини. <br/><br/>На читачів чекають жарти, пригоди, а також цікавинки української історії і міфології |
| 521 ## - Примітка про цільове призначення | |
| Примітка про цільове призначення | Для молодшого шкільного віку |
| 546 ## - Примітка про мову | |
| Примітка про мову | укр. |
| 650 ## - Тематичні рубрики | |
| Основна рубрика | Літературно-художне видання |
| 653 ## - Ключові слова | |
| Ключові слова | Міфологія |
| -- | Духи природи |
| -- | Пригоди |
| 655 ## - Термін індексування — жанр/форма | |
| Жанр/форма | Містичний детектив |
| Типове ділення | комікси |
| 942 ## - ADDED ENTRY ELEMENTS (KOHA) | |
| Джерело класифікації чи схема поличного розташування | |
| Koha item type | Книги |
| Статус вилучення | Статус втрати/відсутності | Джерело класифікації чи схема поличного розташування | Статус пошкодження | Тип обігу (не для випозичання) | Постійне розташування | Поточне розташування | Розташування у відділі | Дата надходження | Джерело надходження (постачальник) | Інвентарний номер | Повний (примірниковий) шифр зберігання | Штрих-код | Date last seen | Дата, для якої чинна ціна заміни | Тип одиниці (рівень примірника) |
|---|---|---|---|---|---|---|---|---|---|---|---|---|---|---|---|
| Бібліотека-філія №2 | Бібліотека-філія №2 | Абонемент молодший відділ | 16/03/2026 | Подаровані | 80813 | 821(477):741.5 | 19272 | 25/03/2026 | 17/03/2026 | Книги |